Statistics for Name that Brand!

Click here to take the quiz!

General Stats

  • This quiz has been taken 39 times
    (26 since last reset)
  • The average score is 10 of 50

Answer Stats

HintAnswer% Correct
I'm Lovin It.McDonalds
96%
Just Do It.Nike
83%
Finger Lickin Good.KFC
74%
Taste the feeling.Coca-Cola
61%
Eat Fresh.Subway
61%
Have a break, Have a "..."Kit Kat
57%
Have it your way.Burger King
43%
Make it Great.Pizza Hut
43%
They're Grrrrrreat!Kellogg's Frosted Flakes
39%
The Quicker Picker-upper.Bounty
35%
The pizza delivery experts.Dominos
35%
Think Different.Apple
30%
The Joy of "..."Pepsi
30%
Like a good neighbor, "..." is there.State Farm
30%
Obey your thirst.Sprite
22%
Save Money, Live Better.Walmart
22%
The best a man can get.Gillette
17%
Because you're worth itL'Oreal
17%
Get More. Pay Less.Target
17%
Now that's better.Wendy's
17%
Impossible is nothing.Adidas
13%
You're in good hands.AllState
13%
A Diamond is forever.De Beers
13%
Maybe she's born with it, Maybe it's "..."Maybelline
13%
Be what's next.Microsoft
13%
The pain reliever hospitals use most.Tylenol
13%
It's everywhere you want to be.Visa
13%
It's M'mm M'mm good.Campbell's Soup
9%
It's not delivery, it's "..."DiGiorno
9%
The world on time.Fedex
9%
Don't be evil.Google.com
9%
When you care enough to send the very best.Hallmark
9%
Think.IBM
9%
We have the meats.Arby's
4%
Mobilizing your world.AT&T
4%
Hot Eats, Cool Treats.Dairy Queen
4%
For the Bold.Doritos
4%
Imagination at work.GE
4%
Nothing runs like a "..."John Deere
4%
Betcha can't eat just one.Lays
4%
Pizza! Pizza!Little Caesers
4%
A sandwich just isn't a sandwich without the tangy zip of "..."Miracle Whip
4%
Moving your future.Shell
4%
It takes a licking and keeps on ticking.Timex
4%
Where the food's as good as the root beer.A&W
0%
Snap! Crakle! Pop!Kellogg's Rice Krispies
0%
Perfect.Reese's
0%
It's Just Better.Safeway
0%
The next big thing is here.Samsung
0%
BE MOVED.Sony
0%

Score Distribution

Percentile by Number Answered

Percent of People with Each Score

Your Score History

You have not taken this quiz since the last reset